Aukso Ordos monetos Lietuvoje
| Titel: | Aukso Ordos monetos Lietuvoje |
|---|---|
| Verfasser: | |
| In: |
Kultūros paminklai, Band 9 (2002), Seite 21-24, Abb. alle Artikel anzeigen |
| Veröffentlicht: | 2002 |
| Format: | Aufsatz |
| Sprache: | Litauisch |
X
alg: 39199480 001A $01999:11-11-16 001B $01999:29-03-21 $t21:47:16.000 001C $06050:19-11-16 $t09:40:38.000 001D $01999:11-11-16 001U $0utf8 001X $00 002@ $0Aox 003@ $0391994808 007A $0391994808 $aHEB 007T $0Herdc0077540v 010@ $alit 011@ $a2002 021A $aAukso Ordos monetos Lietuvoje 028A $aRemecas $dEduardas 031A $d9 $h21-24, Abb. $j2002 037A $aengl. Res. 039B $aIn $8--Abvc--. Kultūros paminklai. - Vilnius : Savastis, 1994-. - ISSN 1392-155X $x200200000090000979 $9048665282 045F $a907.2094793 $eDDC23BSB 045F/01 $a907.2 045F/03 $g4793 045T $a7,44 lok: 39199480 78 exp: 39199480 78 1 #EPN 201B/01 $019-04-17 $t10:56:41.000 201U/01 $0utf8 203@/01 $0788090690 208@/01 $a11-11-16 $be 209A/01 $a/ $f000 $x00 220C/01 $aTitelaufnehmer: it 220C/01 $aHerkunft: LII Vilnius / Irena Tumelytė 244Z/01 $2Trx $#Litauen $#Lithuania $#Litwa $#Litva $#Litva $8--Trx--Lietuva $x01 $9391193457 244Z/01 $2Trx $#Kuldhord ~1240-1502 $#Aukso orda ~1240-1502 $#Golden Horde ~1240-1502 $#Arany Horda ~1240-1502 $#Złota Orda ~1240-1502 $#Zolotaja Orda ~1240-1502 $#Zlatá Horda ~1240-1502 $#Zlatá Horda ~1240-1502 $#Khanat Kyptschak $8--Trx--Goldene Horde$g~1240-1502 $x02 $9391299328 244Z/01 $aGeschichte 1342-1395 $x03 244Z/01 $2Trx $#mündid ja paberraha $#monetos ir banknotai $#coins and bills $#fémpénzek és papírpénzek $#monety i banknoty $#mince a bankovky $#mince a peníze $#Banknoten $#Papiergeld $#banknoty $8--Trx--Münzen und Papiergeld $x04 $9391361449 244Z/01 $2Trx $8--Trx--Zeitschriftenaufsatz $x05 $9391384341 245Z/01 $a04.07 $x01 247C/01 $82080>Marburg/Lahn, Herder-Institut, Forschungsbibliothek, Bibliographieportal $9336309341
| LEADER | 00000caa a22000002c 4500 | ||
|---|---|---|---|
| 001 | 391994808 | ||
| 003 | DE-603 | ||
| 005 | 20210329214716.0 | ||
| 007 | tu | ||
| 008 | 161111s2002 xx |||| | u00||u|lit c | ||
| 035 | |a (DE-599)HEB391994808 | ||
| 040 | |a DE-603 |b ger |c DE-603 |d DE-603 | ||
| 041 | |a lit | ||
| 082 | 0 | 4 | |8 1\u |a 907.2094793 |q DE-101 |2 23/BSB |
| 084 | |a 7,44 |2 ssgn | ||
| 085 | |8 1\u |b 907.2 | ||
| 085 | |8 1\u |z 2 |s 4793 | ||
| 100 | 1 | |a Remecas, Eduardas | |
| 245 | 0 | 0 | |a Aukso Ordos monetos Lietuvoje |
| 264 | 0 | |c 2002 | |
| 500 | |a engl. Res. | ||
| 773 | 0 | 8 | |i In |t Kultūros paminklai |d Vilnius : Savastis, 1994- |x 1392-155X |g Band 9 (2002), Seite 21-24, Abb. |w (DE-603)048665282 |w (DE-600)1292510-X |
| 924 | 0 | |9 2080 |a (DE-603)788090690 |b DE-2080 |c HES |d d |g / | |


